00340 a2200109 450000100060000008200170000610000300002324501190005326000250017230000190019750000140021688560 a623.7469 FAR aMuhammad Farooq Bin Akram aOptimization and integration of NACA submerged inlet for unmanned aerial vehicle operating in high subsonic regime aRisalpurbNUSTc2006 axv, 115 p.bHb aMS thesis